00824nam a2200217Ia 4500001000900000003000500009008004100014010001100055040000900066100003000075245017900105260007400284300001000358410002500368650004000393650003600433700000500469700003500474700003100509710006600540Para_314CHAP220125s1993 xx 000 0 und d a199069 cCHAP aAmado Alvarez, Jesús P. aEl agua de la laguna de Bustillos, Chihuahua :b posibilidades de uso en la agrícultura /c por Jesús P. Amado Alvarez, Venancio D. Solano Romero y Pedro Ortíz Franco aCuauhtemoc, Chih. :b INIFAP. Campo Experimental Sierra de Chihuahua a18 p. aFolleto técnico; 4 aAgua para irrigación x analisis  0aAgua para irrigación xCostos a aI. Solano Romero, Venancio D.  aII. Ortíz Franco, Pedro  aIII. INIFAP. México. Campo Experimental Sierra de Chihuahua